000 00301nam a22001337a 4500
008 181015b xxu||||| |||| 00| 0 eng d
020 _a0123915023
041 _aeng
080 _22nd
_a591
100 _a7
101 _aZOO
245 _aPathology of Domestic Animals
_cJubb,K.V.F
942 _2udc
_cBK
999 _c49683
_d49683